000 00563nam a2200205Ia 4500
005 20250326141405.0
008 250326s9999 xx 000 0 und d
020 _a0-412-40970-4
037 _aTextbook
040 _aFMSL
_beng
_cFMSL
041 _aeng
_2eng
084 _aX:8D N1
_qFMSL
100 _aPuxty A G
_9744335
245 0 _aFicial management methods and meaning
_cPuxty A G; Dodds J C
250 _a2
260 _aLondon
_bLondon, Champman & Hall
_c1991
300 _axxiii,638
942 _cTB
_hX:8D N1
999 _c1290078
_d1290078